000 00550nam a2200193Ia 4500
005 20250507130224.0
008 008 250505s9999 xx 000 0 eng d
037 _aSeries Article
040 _aEASL
_beng
_cEASL
041 _aeng
_2eng
084 _qEASL
100 _aAli Kamran Asdar
245 0 _aCommunists in a muslim land:cltural debates in Pakistan's early years
260 _aUK
_bCambridge Cambridge University Press UK
_c2011
300 _a501-534
650 _aCulture
942 _cSRA
999 _c1318400
_d1318400